000 00646nam a2200241Ia 4500
003 OSt
005 20220924151744.0
006 a|||||r|||| 00| 0
007 ta
008 220923b |||||||| |||| 00| 0 tel d
024 _a339038
037 _cTextual
040 _aARTS
_cARTS
_btel
041 _2tel
_atel
082 _aO35,2M95,1, K6
100 _aVenkataraya sankyayana shara Aachanta Au.
_9224893
245 0 _aManorama
260 _c1966
300 _a55p.
_ccm.
650 _aTELUGU LITERATURE
942 _hO35,2M95,1, K6
_cTEXL
_2CC
999 _c467612
_d467612